| 000 | 00685nam a2200217 a 4500 | ||
|---|---|---|---|
| 001 | 000023405 | ||
| 005 | 20200930022209.0 | ||
| 008 | 101206s1984 cu 000 f spa d | ||
| 040 |
_aDO-SdBNP _bspa _cBNPHU |
||
| 082 |
_aU863.44 _bB983n |
||
| 100 | 1 |
_aButazzoni, Fernando, _d1952- _948222 |
|
| 245 | 1 | 3 |
_aLa noche abierta / _cFernando Butazzoni ; edición de Horacio García Brito. |
| 260 |
_aLa Habana, Cuba : _bCasa de las Américas, _c[1984]. |
||
| 300 |
_a241, [2] p. ; _c20 cm. |
||
| 490 | 1 | _aLa Honda | |
| 650 | 4 |
_aNovela uruguaya _95679 |
|
| 650 | 4 |
_aLiteratura uruguaya _93054 |
|
| 700 | 1 |
_aGarcía Brito, Horacio, _eed. _922682 |
|
| 830 | 0 |
_aLa Honda _922010 |
|
| 049 | _aBNGR | ||
| 999 |
_c22902 _d22902 |
||